000 00397nam a22001577a 4500
020 _a0395271177
082 _a330GAL
100 _aGalbraith, Kenneth
245 _aEveryone`s guide to economics
260 _aBoston
_bHoughton mifflin
_c1978
300 _aix,162p
_bill,:25cm
500 _aIncludes index
650 _aEveryone`s guide to economics
700 _aSalinger, Nicole
942 _cBK
999 _c14345
_d14345